MDQL
is popping MORE tags! Check the
thread
!
Quizzes
Events
Quiz Creation
Community
Videos
Private Events
Remove Ads
Sign In
Join for FREE
Feedback
Dark Mode
Quiz Categories
Sports
Geography
Music
Movies
Television
Just For Fun
Miscellaneous
History
Literature
Language
Science
Gaming
Entertainment
Religion
Holiday
For Kids
Quiz Lab
Recent
Popular Today
Quiz Kudos Today
Editor Picks
Curator Picks
Quizzes by...
Day
Popularity
Type
Ratings
Length
Year
Community
Subscriptions
Recent Discussions
Orange Saloon
Badges
Playlists
Quests
Create
Leaderboards
Showdown
Live 5
Trivia Bingo
Activity
Puzzle Library
Sporcle Events
Private Events
Virtual Trivia
Globe League
Become a Host
Pub Owners
SporcleCon
Opinionation
Our Games
Videos
Blog
Mobile Apps
Partnerships
Remove Ads and Go Orange
Feedback
Movies
Disney
Marvel Cinematic Universe
Movie Resume
Movie Titles
Oscar
Actor
Actress
Director
Pixar
Role
Movie Quotes
Movie Characters
Box Office
Nominee
Best Picture
Star Wars
James Bond
Horror Movies
Movies
Disney
Marvel Cinematic Universe
Movie Resume
Movie Titles
Oscar
Actor
Actress
Director
Pixar
Role
Movie Quotes
Movie Characters
Box Office
Nominee
Best Picture
Star Wars
James Bond
Horror Movies
Random Quiz
Search Sporcle
×
Quiz Lab
Quiz Lab
Movies
Director
Type in answers that appear in a list
Type in answers that appear in a list
Classic
Best Score? Go Orange.
Directors of Nicole Kidman Stats
Can you name the Directors of Nicole Kidman?
By
themasterofpop
10m
64 Questions
496 Plays
496 Plays
496 Plays
Comments
Comments
Give Quiz Kudos
Give Quiz Kudos
-
- Ratings
hide this ad
More Info
Replay
Link that replays current quiz
Next Quiz
Link to next quiz in quiz playlist
You Got
0%
They Got
Avg Score
34%
Avg Friend Score
Upgrade to see
Score Distribution
Jump to the score distribution portion of the page
Score
0/64
Timer
10:00
0
Plays Today
Film
Director
% Correct
1999 -
Eyes Wide Shut
Stanley Kubrick
96.4%
2001 -
Moulin Rouge!
Baz Luhrmann
91.9%
2008 -
Australia
Baz Luhrmann
91.9%
1995 -
Batman Forever
Joel Schumacher
85.9%
2011 -
Trespass
Joel Schumacher
85.9%
2022 -
The Northman
Robert Eggers
79.2%
1990 -
Days Of Thunder
Tony Scott
76.6%
2003 -
Dogville
Lars Von Trier
76%
2003 -
Cold Mountain
Anthony Minghella
71.8%
2021 -
Being The Ricardos
Aaron Sorkin
70.8%
2017 -
The Beguiled
Sofia Coppola
70%
2002 -
The Hours
Stephen Daldry
67.7%
2009 -
Nine
Rob Marshall
67.5%
1992 -
Far And Away
Ron Howard
64.5%
2017 -
The Killing Of A Sacred Deer
Yorgos Lanthimos
63.1%
2019 -
Bombshell
Jay Roach
62.8%
1995 -
To Die For
Gus Van Sant
61.3%
2018 -
Aquaman
James Wan
59.5%
2018 -
Boy Erased
Joel Edgerton
47%
2005 -
The Interpreter
Sydney Pollack
45%
1996 -
The Portrait Of A Lady
Jane Campion
44.6%
2013 -
Stoker
Chan-wook Park
44%
2007 -
Margot At The Wedding
Noah Baumbach
42.9%
2012 -
The Paperboy
Lee Daniels
41.5%
2005 -
Bewitched
Nora Ephron
41.3%
2004 -
The Stepford Wives
Frank Oz
40.1%
2001 -
The Others
Alejandro Amenábar
37.9%
2020 -
The Prom
Ryan Murphy
34.7%
2004 -
Birth
Jonathan Glazer
34.7%
2016 -
Lion
Garth Davis
33.9%
1997 -
The Peacemaker
Mimi Leder
33.7%
1989 -
Dead Calm
Phillip Noyce
32.5%
Film
Director
% Correct
2011 -
Just Go With It
Dennis Dugan
32.3%
2018 -
Destroyer
Karyn Kusama
32.1%
2010 -
Rabbit Hole
John Cameron Mitchell
31.7%
2017 -
How To Talk To Girls At Parties
John Cameron Mitchell
31.7%
2014 -
Paddington
Paul King
30.8%
1991 -
Billy Bathgate
Robert Benton
29.4%
2003 -
The Human Stain
Robert Benton
29.4%
2007 -
The Golden Compass
Chris Weitz
27%
2015 -
Queen Of The Desert
Werner Herzog
24.2%
1998 -
Practical Magic
Griffin Dunne
23.4%
2019 -
The Goldfinch
John Crowley
21.2%
1993 -
Malice
Harold Becker
19.4%
2017 -
The Upside
Neil Burger
19%
2015 -
The Family Fang
Jason Bateman
16.1%
2007 -
The Invasion
Oliver Hirschbiegel
14.3%
2014 -
Grace Of Monaco
Olivier Dahan
12.9%
2015 -
Secret In Their Eyes
Billy Ray
11.7%
1993 -
My Life
Bruce Joel Rubin
8.9%
1991 -
Flirting
John Duigan
8.7%
1996 -
The Leading Man
John Duigan
8.7%
2006 -
Fur: An Imaginary Portrait of Diane Arbus
Steven Shainberg
7.5%
2001 -
Birthday Girl
Jez Butterworth
6.5%
2014 -
Before I Go To Sleep
Rowan Joffe
5.2%
1983 -
BMX Bandits
Brian Trenchard-Smith
4.8%
1988 -
Emerald City
Michael Jenkins
3.2%
2013 -
The Railway Man
Jonathan Teplitzky
2.6%
1983 -
Bush Christmas
Henri Safran
2.2%
1985 -
Wills And Burke
Bob Weis
2.2%
1986 -
Windrider
Vincent Monton
1.8%
1988 -
The Bit Part
Brendan Maher
1.6%
2016 -
Genius
Michael Grandage
1.4%
2015 -
Strangerland
Kim Farrant
1.2%
Quiz Playlist
Details
Report
Send in Message
Add To Playlist
More Info:
Directors of Uncredited roles, Short films, TV Movies, Segments, Documentaries and forthcoming features, should appear as hidden answers.
Classic:
Type in answers that appear in a list
Quiz Source
Last Updated: May 28, 2023
Quiz Scoreboard
CHALLENGE
Sign Up to Join the Scoreboard
Show All
Scores
Hide
Comments
May contain spoilers
Recently Published
Two Season TV Shows II
by 123Four
Television
10m
Image Sorting: Flags VI
by Barbecue
Geography
2m
Find the 'City' Movie
by crazypaving
Movies
60s
More to Explore
Quiz From the Vault
Featured Blog Post
14 Easter Pick-up Lines to Find Eggs With
hide this ad
You Might Also Like...
Tags
Actress Quiz
Director Quiz
Movie Resume Quiz
Film Director
Today's Top Quizzes in Movies
Browse Movies
hide this ad
Today's Top Quizzes in Director
Browse Director
Top Contributed Quizzes in Movies
1
The ultimate James Bond movie quiz
2
Find The 'Big' Movie
3
Find The 'Wild' Movie
4
Find The 'Blue' Movie
5
Movies By Plot
6
Hidden Star Wars Character II
7
Pick 5 Posters: Directed by Spielberg
8
Hidden Star Wars Character III
9
Hidden Star Wars Character IV
10
25 Best Actor Nominees (1990s)
Explore More
Trending Topics
Disney
Anime
Harry Potter
Marvel
Kpop
NBA
Crossword
Soccer
Pokémon
Country
Song
The Office
NFL
Puzzle
WWE
hide this ad
More By:
themasterofpop
Quiz
Plays
Rating
Category
Featured
Created
Every Male Oscar Acting Nominee 1990-2019
2,173
5.00
Movies
Nov 21, 2019
Every Male Oscar Acting Nominee 1960-1989
1,823
5.00
Movies
Jan 19, 2020
Every Male Oscar Acting Nominee 1927-1959
1,679
4.83
Movies
Mar 12, 2020
Directors of Leonardo DiCaprio
1,678
4.70
Movies
Sep 28, 2019
Every Female Oscar Acting Nominee 1990-2019
1,620
4.71
Movies
Mar 22, 2020
Go to Creator's Profile
Score Distribution
Quiz Creator Spotlight
themasterofpop
Follow
Send a Message
Quizzes Created
-
Created Quiz Play Count
-
More By This Creator
Popular Quizzes Today
1
Find the US States - No Outlines Minefield
2
Colored Red Africa Blitz
3
Find the 'City' Movie
4
5x2 Blitz: Bands
5
The Countries of the World
6
Find the Countries of Europe - No Outlines Minefield
7
Find the US States
8
US States
More Movies Quizzes
Ridley Scott by Plot Description
Quiz Lab
Trending Quizzes
Colored Red Europe Blitz I
Colored Red Africa Blitz II
Colored Red Europe Blitz II
Colored Red Africa Blitz III
Even More Two Season TV Shows
Recently Updated
March Madness Men's Triple Doubles
pecheneg
How Do You Spell That?
pecheneg
Godzilla Movies
pecheneg
Grab Bag: 4-10 Letters
pecheneg
2024 March Madness Bracket
pecheneg
Famous TV Couples
Peacemaker
Champions League XIs: Real Madrid
pecheneg
Largest US Cities 1790-2010
pecheneg
Rides in Walt Disney World
pecheneg
Most Oscar Losses (Acting)
pecheneg
Trending Topics
Kpop
Disney
Harry Potter
Marvel
Anime
Crossword
NBA
NFL
WWE
The Office
Pokémon
Song
Soccer
Country
Puzzle
Your Account Isn't Verified!
In order to create a playlist on Sporcle, you need to verify the email address you used during registration. Go to your
Sporcle Settings
to finish the process.
Report this User
Report this user for behavior that violates our
Community Guidelines
.
Details:
Send Report
Go to the Sporcle.com Mobile Site →
Comments